| 000 | 01019cam a2200181 4500500 | ||
|---|---|---|---|
| 005 | 20251012014121.0 | ||
| 041 | _afre | ||
| 042 | _adc | ||
| 100 | 1 | 0 |
_aCalas-Leroux, Viviane _eauthor |
| 700 | 1 | 0 |
_a Abdelhak, Mohand Ameziane _eauthor |
| 700 | 1 | 0 |
_a Moro, Marie Rose _eauthor |
| 245 | 0 | 0 | _aWith Emmanuel Mounier |
| 260 | _c2025. | ||
| 500 | _a14 | ||
| 520 | _aArtificial intelligence represents an anthropological upheaval. According to this issue edited by Nicolas Léger and Adrien Tallent, AI competes with the human mind and threatens democracy. But the body, the figures of the tinkerer and the hacker, and the commons can organize resistance against and with AI. Also in this issue: A Putin-Trump axis?; The new Great Lakes crisis; Kaleidoscope Lévi-Strauss; Rediscovering Calvino; Secular revolutions and religious counter-revolutions. | ||
| 786 | 0 | _nEsprit | April | 4 | 2025-04-05 | p. 5-7 | 0014-0759 | |
| 856 | 4 | 1 | _uhttps://shs.cairn.info/journal-esprit-2025-4-page-5?lang=en&redirect-ssocas=7080 |
| 999 |
_c1530574 _d1530574 |
||